[Event "DEM U10 2025"]
[Site "Willingen GER"]
[Date "2025.06.09"]
[Round "3"]
[White "Nabe, Sebastian"]
[Black "Chanishvili, Noa"]
[Result "1-0"]
[Termination "normal"]
[Board "22"]
[WhiteElo "1467"]
[BlackElo "1552"]
[WhiteClock "00:08:51"]
[BlackClock "00:03:44"]
[PlyCount "95"]
[WhiteFideId "533011079"]
[BlackFideId "34698264"]
[EventCountry "GER"]
[EventRounds "9"]
[EventType "swiss"]
[EventDate "2025.06.07"]

1. e4 {[%clk 01:30:55]} {[%emt 00:00:04]} c5 {[%clk 01:30:51]} {[%emt
00:00:09]} 2. Nc3 {[%clk 01:30:41]} {[%emt 00:00:44]} d6 {[%clk 01:30:39]}
{[%emt 00:00:42]} 3. Nf3 {[%clk 01:30:00]} {[%emt 00:01:10]} Nc6 {[%clk
01:29:50]} {[%emt 00:01:19]} 4. Bc4 {[%clk 01:28:48]} {[%emt 00:01:44]} e6
{[%clk 01:28:51]} {[%emt 00:01:29]} 5. d4 {[%clk 01:27:23]} {[%emt 00:01:54]}
cxd4 {[%clk 01:28:07]} {[%emt 00:01:14]} 6. Nxd4 {[%clk 01:26:37]} {[%emt
00:01:16]} Nf6 {[%clk 01:26:18]} {[%emt 00:02:17]} 7. Be3 {[%clk 01:21:42]}
{[%emt 00:05:27]} a6 {[%clk 01:25:15]} {[%emt 00:01:33]} 8. f3 {[%clk
01:16:20]} {[%emt 00:05:51]} g6 {[%clk 01:21:04]} {[%emt 00:04:41]} 9. Nce2
{[%clk 01:09:14]} {[%emt 00:07:37]} Bg7 {[%clk 01:14:46]} {[%emt 00:06:46]} 10.
c3 {[%clk 01:05:21]} {[%emt 00:04:25]} O-O {[%clk 01:02:14]} {[%emt 00:13:01]}
11. Qd2 {[%clk 01:00:43]} {[%emt 00:05:08]} Ne5 {[%clk 00:55:42]} {[%emt
00:07:03]} 12. Bb3 {[%clk 00:55:57]} {[%emt 00:05:16]} Qc7 {[%clk 00:50:17]}
{[%emt 00:05:54]} 13. Rc1 {[%clk 00:49:38]} {[%emt 00:06:50]} Nc4 {[%clk
00:44:18]} {[%emt 00:06:28]} 14. Bxc4 {[%clk 00:49:04]} {[%emt 00:01:06]} Qxc4
{[%clk 00:41:37]} {[%emt 00:03:11]} 15. b3 {[%clk 00:48:21]} {[%emt 00:01:11]}
Qc7 {[%clk 00:39:37]} {[%emt 00:02:31]} 16. g4 {[%clk 00:45:58]} {[%emt
00:02:53]} d5 {[%clk 00:37:01]} {[%emt 00:03:05]} 17. g5 {[%clk 00:44:48]}
{[%emt 00:01:40]} Ne8 {[%clk 00:35:38]} {[%emt 00:01:54]} 18. Ng3 {[%clk
00:38:28]} {[%emt 00:06:50]} Qd7 {[%clk 00:29:08]} {[%emt 00:06:59]} 19. h4
{[%clk 00:37:56]} {[%emt 00:01:03]} b5 {[%clk 00:26:14]} {[%emt 00:03:25]} 20.
h5 {[%clk 00:36:51]} {[%emt 00:01:35]} Bb7 {[%clk 00:23:47]} {[%emt 00:02:57]}
21. Qh2 {[%clk 00:34:48]} {[%emt 00:02:32]} Bh8 {[%clk 00:22:53]} {[%emt
00:01:24]} 22. Nde2 {[%clk 00:34:08]} {[%emt 00:01:10]} dxe4 {[%clk 00:21:18]}
{[%emt 00:02:04]} 23. Nxe4 {[%clk 00:32:04]} {[%emt 00:02:33]} Bxe4 {[%clk
00:19:42]} {[%emt 00:02:08]} 24. fxe4 {[%clk 00:31:08]} {[%emt 00:01:26]} Qc7
{[%clk 00:19:01]} {[%emt 00:01:11]} 25. Qh3 {[%clk 00:30:45]} {[%emt 00:00:43]}
Qe7 {[%clk 00:15:30]} {[%emt 00:04:11]} 26. Nf4 {[%clk 00:26:22]} {[%emt
00:04:52]} gxh5 {[%clk 00:10:28]} {[%emt 00:05:33]} 27. Qxh5 {[%clk 00:26:12]}
{[%emt 00:00:40]} f5 {[%clk 00:10:10]} {[%emt 00:00:48]} 28. Nxe6 {[%clk
00:24:59]} {[%emt 00:01:44]} Rf7 {[%clk 00:09:52]} {[%emt 00:00:48]} 29. g6
{[%clk 00:24:36]} {[%emt 00:00:53]} Rg7 {[%clk 00:08:52]} {[%emt 00:01:30]} 30.
Nxg7 {[%clk 00:24:21]} {[%emt 00:00:46]} Bxg7 {[%clk 00:08:45]} {[%emt
00:00:35]} 31. gxh7+ {[%clk 00:24:06]} {[%emt 00:00:45]} Kh8 {[%clk 00:08:31]}
{[%emt 00:00:43]} 32. Qxf5 {[%clk 00:23:22]} {[%emt 00:01:14]} Nd6 {[%clk
00:08:40]} {[%emt 00:00:22]} 33. Qd5 {[%clk 00:22:35]} {[%emt 00:01:16]} Rd8
{[%clk 00:08:23]} {[%emt 00:00:48]} 34. Rd1 {[%clk 00:17:14]} {[%emt 00:05:50]}
Bxc3+ {[%clk 00:08:37]} {[%emt 00:00:16]} 35. Ke2 {[%clk 00:17:26]} {[%emt
00:00:15]} Nf7 {[%clk 00:08:40]} {[%emt 00:00:30]} 36. Qc6 {[%clk 00:16:10]}
{[%emt 00:01:43]} Bg7 {[%clk 00:07:43]} {[%emt 00:01:28]} 37. Rxd8+ {[%clk
00:16:01]} {[%emt 00:00:41]} Nxd8 {[%clk 00:07:10]} {[%emt 00:01:03]} 38. Qd5
{[%clk 00:13:38]} {[%emt 00:02:49]} Qe8 {[%clk 00:06:09]} {[%emt 00:01:33]} 39.
Bd4 {[%clk 00:12:59]} {[%emt 00:01:11]} Ne6 {[%clk 00:06:07]} {[%emt 00:00:32]}
40. Bxg7+ {[%emt 00:01:02]} Nxg7 {[%clk 00:05:43]} {[%emt 00:00:21]} 41. e5
{[%clk 00:11:59]} {[%emt 00:01:30]} Ne6 {[%clk 00:05:10]} {[%emt 00:01:02]} 42.
Qe4 {[%clk 00:11:25]} {[%emt 00:00:48]} Ng5 {[%emt 00:00:52]} 43. Qf5 {[%clk
00:11:08]} {[%emt 00:00:37]} Ne6 {[%clk 00:05:22]} {[%emt 00:00:24]} 44. Qf6+
{[%clk 00:11:23]} {[%emt 00:00:13]} Ng7 {[%clk 00:05:43]} {[%emt 00:00:09]} 45.
Rh4 {[%clk 00:09:55]} {[%emt 00:01:53]} Qc8 {[%clk 00:05:53]} {[%emt 00:00:26]}
46. Qg6 {[%clk 00:09:20]} {[%emt 00:01:00]} Qc3 {[%clk 00:05:08]} {[%emt
00:01:20]} 47. Qxg7+ {[%clk 00:08:32]} {[%emt 00:01:18]} Kxg7 {[%clk 00:03:44]}
{[%emt 00:01:54]} 48. h8=Q+ {[%clk 00:08:51]} {[%emt 00:00:11]} 1-0

[Event "DEM U10 2025"]
[Site "Willingen GER"]
[Date "2025.06.09"]
[Round "3"]
[White "Laß, Matteo"]
[Black "Schröder, Liam"]
[Result "1/2-1/2"]
[Termination "normal"]
[Board "23"]
[WhiteElo "1277"]
[BlackElo "1537"]
[WhiteClock "00:35:33"]
[BlackClock "00:27:08"]
[PlyCount "51"]
[WhiteFideId "533019940"]
[BlackFideId "34651020"]
[EventCountry "GER"]
[EventRounds "9"]
[EventType "swiss"]
[EventDate "2025.06.07"]

1. e4 {[%clk 01:30:58]} {[%emt 00:00:02]} d5 {[%clk 01:30:47]} {[%emt
00:00:15]} 2. exd5 {[%clk 01:31:15]} {[%emt 00:00:12]} Qxd5 {[%clk 01:31:05]}
{[%emt 00:00:12]} 3. Nc3 {[%clk 01:31:29]} {[%emt 00:00:16]} Qd8 {[%clk
01:31:31]} {[%emt 00:00:04]} 4. d4 {[%clk 01:31:33]} {[%emt 00:00:26]} Nf6
{[%clk 01:28:41]} {[%emt 00:03:20]} 5. Nf3 {[%clk 01:31:06]} {[%emt 00:00:57]}
Bf5 {[%clk 01:28:41]} {[%emt 00:00:29]} 6. Bc4 {[%clk 01:30:39]} {[%emt
00:00:58]} e6 {[%clk 01:29:03]} {[%emt 00:00:08]} 7. Ne5 {[%clk 01:29:01]}
{[%emt 00:02:08]} Nbd7 {[%clk 01:26:54]} {[%emt 00:02:39]} 8. Qe2 {[%clk
01:24:45]} {[%emt 00:04:47]} Nxe5 {[%clk 01:20:09]} {[%emt 00:07:14]} 9. dxe5
{[%clk 01:23:09]} {[%emt 00:02:07]} Nd7 {[%clk 01:18:36]} {[%emt 00:02:03]} 10.
g4 {[%clk 01:17:53]} {[%emt 00:05:46]} Bg6 {[%clk 01:18:11]} {[%emt 00:00:54]}
11. h4 {[%clk 01:17:07]} {[%emt 00:01:18]} h6 {[%clk 01:17:58]} {[%emt
00:00:43]} 12. h5 {[%clk 01:15:46]} {[%emt 00:01:52]} Bh7 {[%clk 01:17:31]}
{[%emt 00:00:56]} 13. f4 {[%clk 00:58:21]} {[%emt 00:17:56]} Be7 {[%clk
01:15:43]} {[%emt 00:02:14]} 14. Be3 {[%clk 00:57:28]} {[%emt 00:01:26]} Bh4+
{[%clk 01:11:42]} {[%emt 00:04:30]} 15. Bf2 {[%clk 00:57:12]} {[%emt 00:00:48]}
Bxf2+ {[%clk 01:11:36]} {[%emt 00:00:37]} 16. Qxf2 {[%clk 00:57:27]} {[%emt
00:00:14]} Qe7 {[%clk 01:06:53]} {[%emt 00:05:10]} 17. O-O-O {[%clk 00:55:59]}
{[%emt 00:02:01]} Qc5 {[%clk 01:04:53]} {[%emt 00:02:27]} 18. Qxc5 {[%clk
00:55:19]} {[%emt 00:01:13]} Nxc5 {[%clk 01:04:41]} {[%emt 00:00:42]} 19. Nb5
{[%clk 00:52:43]} {[%emt 00:03:06]} Ke7 {[%clk 00:58:10]} {[%emt 00:07:01]} 20.
Rd4 {[%clk 00:45:09]} {[%emt 00:08:04]} Be4 {[%clk 00:50:09]} {[%emt 00:08:28]}
21. Rg1 {[%clk 00:44:35]} {[%emt 00:01:07]} Rhd8 {[%clk 00:45:22]} {[%emt
00:05:15]} 22. Rxd8 {[%clk 00:41:41]} {[%emt 00:03:06]} Kxd8 {[%clk 00:45:04]}
{[%emt 00:01:09]} 23. f5 {[%clk 00:39:30]} {[%emt 00:02:40]} a6 {[%clk
00:32:10]} {[%emt 00:13:25]} 24. Nd4 {[%clk 00:39:05]} {[%emt 00:00:55]} Ke7
{[%clk 00:28:49]} {[%emt 00:03:51]} 25. b4 {[%clk 00:36:41]} {[%emt 00:02:55]}
Nd7 {[%clk 00:27:08]} {[%emt 00:02:10]} 26. Re1 {[%clk 00:35:33]} {[%emt
00:01:30]} 1/2-1/2

[Event "DEM U10 2025"]
[Site "Willingen GER"]
[Date "2025.06.09"]
[Round "3"]
[White "Liu, Jonas"]
[Black "Hübner, Jakob"]
[Result "1-0"]
[Termination "normal"]
[Board "24"]
[WhiteElo "1645"]
[BlackElo "1314"]
[WhiteClock "00:41:27"]
[BlackClock "00:32:20"]
[PlyCount "103"]
[WhiteFideId "34660941"]
[BlackFideId "34684107"]
[EventCountry "GER"]
[EventRounds "9"]
[EventType "swiss"]
[EventDate "2025.06.07"]

1. e4 {[%clk 01:30:49]} {[%emt 00:00:09]} c5 {[%clk 01:30:58]} {[%emt
00:00:04]} 2. c3 {[%clk 01:31:00]} {[%emt 00:00:18]} Nf6 {[%clk 01:31:24]}
{[%emt 00:00:05]} 3. e5 {[%clk 01:30:57]} {[%emt 00:00:32]} Nd5 {[%clk
01:31:47]} {[%emt 00:00:07]} 4. Nf3 {[%clk 01:31:07]} {[%emt 00:00:18]} e6
{[%clk 01:32:10]} {[%emt 00:00:10]} 5. d4 {[%clk 01:31:05]} {[%emt 00:00:31]}
cxd4 {[%clk 01:32:34]} {[%emt 00:00:06]} 6. cxd4 {[%clk 01:31:08]} {[%emt
00:00:27]} b6 {[%clk 01:32:52]} {[%emt 00:00:13]} 7. Bd2 {[%clk 01:31:18]}
{[%emt 00:00:18]} Bb7 {[%clk 01:33:12]} {[%emt 00:00:11]} 8. Nc3 {[%clk
01:31:26]} {[%emt 00:00:22]} Nxc3 {[%clk 01:33:33]} {[%emt 00:00:10]} 9. Bxc3
{[%clk 01:31:26]} {[%emt 00:00:30]} Nc6 {[%clk 01:32:43]} {[%emt 00:01:20]} 10.
Bd3 {[%clk 01:30:53]} {[%emt 00:01:02]} d6 {[%clk 01:33:00]} {[%emt 00:00:14]}
11. O-O {[%clk 01:30:36]} {[%emt 00:00:47]} Be7 {[%clk 01:33:26]} {[%emt
00:00:05]} 12. Qe2 {[%clk 01:30:22]} {[%emt 00:00:44]} O-O {[%clk 01:33:21]}
{[%emt 00:00:35]} 13. Rfd1 {[%clk 01:29:40]} {[%emt 00:01:12]} Rc8 {[%clk
01:00:00]} {[%emt 00:33:52]} 14. Rac1 {[%clk 01:25:04]} {[%emt 00:05:04]} d5
{[%clk 00:56:32]} {[%emt 00:03:57]} 15. g3 {[%clk 01:18:48]} {[%emt 00:06:47]}
Bg5 {[%clk 00:50:26]} {[%emt 00:06:35]} 16. Nxg5 {[%clk 01:17:42]} {[%emt
00:01:37]} Qxg5 {[%clk 00:50:35]} {[%emt 00:00:20]} 17. f4 {[%clk 01:15:10]}
{[%emt 00:03:02]} Qe7 {[%clk 00:50:08]} {[%emt 00:00:47]} 18. Rf1 {[%clk
01:09:52]} {[%emt 00:05:59]} Nb4 {[%clk 00:48:01]} {[%emt 00:02:36]} 19. Bxb4
{[%clk 01:07:06]} {[%emt 00:03:17]} Qxb4 {[%clk 00:48:20]} {[%emt 00:00:10]}
20. Qf2 {[%clk 01:05:46]} {[%emt 00:01:50]} Qa4 {[%clk 00:47:14]} {[%emt
00:01:22]} 21. b3 {[%clk 01:05:23]} {[%emt 00:01:08]} Qa3 {[%clk 00:45:01]}
{[%emt 00:02:42]} 22. Rc2 {[%clk 01:05:02]} {[%emt 00:00:52]} Ba6 {[%clk
00:44:12]} {[%emt 00:01:10]} 23. Bxa6 {[%clk 01:01:42]} {[%emt 00:04:00]} Qxa6
{[%clk 00:44:34]} {[%emt 00:00:08]} 24. Rfc1 {[%clk 01:01:21]} {[%emt
00:00:51]} Rxc2 {[%clk 00:44:14]} {[%emt 00:00:49]} 25. Qxc2 {[%clk 01:00:42]}
{[%emt 00:01:11]} h6 {[%clk 00:44:02]} {[%emt 00:00:41]} 26. a4 {[%clk
01:00:46]} {[%emt 00:00:26]} b5 {[%clk 00:44:04]} {[%emt 00:00:25]} 27. axb5
{[%clk 01:00:35]} {[%emt 00:00:44]} Qxb5 {[%clk 00:44:15]} {[%emt 00:00:18]}
28. Kf2 {[%clk 01:00:21]} {[%emt 00:00:45]} Qb6 {[%clk 00:43:44]} {[%emt
00:01:01]} 29. Qc3 {[%clk 00:59:29]} {[%emt 00:01:22]} Rb8 {[%clk 00:43:39]}
{[%emt 00:00:32]} 30. Rb1 {[%clk 00:58:06]} {[%emt 00:01:56]} Qb4 {[%clk
00:41:19]} {[%emt 00:02:49]} 31. Qxb4 {[%clk 00:58:01]} {[%emt 00:00:36]} Rxb4
{[%clk 00:41:43]} {[%emt 00:00:06]} 32. Ke3 {[%emt 00:00:29]} a5 {[%clk
00:41:47]} {[%emt 00:00:01]} 33. Kd3 {[%clk 00:58:27]} {[%emt 00:00:30]} Kh7
{[%clk 00:41:52]} {[%emt 00:00:24]} 34. Kc3 {[%clk 00:58:20]} {[%emt 00:00:38]}
Kg6 {[%emt 00:01:14]} 35. g4 {[%clk 00:57:43]} {[%emt 00:01:01]} f5 {[%clk
00:40:26]} {[%emt 00:01:19]} 36. exf6 {[%clk 00:54:48]} {[%emt 00:03:25]} gxf6
{[%clk 00:40:49]} {[%emt 00:00:07]} 37. Re1 {[%clk 00:54:46]} {[%emt 00:00:32]}
Kf7 {[%emt 00:00:39]} 38. h3 {[%clk 00:54:36]} {[%emt 00:00:38]} Rb6 {[%clk
00:40:12]} {[%emt 00:01:00]} 39. Ra1 {[%clk 00:54:09]} {[%emt 00:00:58]} Rb5
{[%clk 00:40:18]} {[%emt 00:00:24]} 40. h4 {[%clk 00:52:57]} {[%emt 00:01:41]}
Kg6 {[%emt 00:00:31]} 41. h5+ {[%clk 00:52:04]} {[%emt 00:01:15]} Kf7 {[%emt
00:00:16]} 42. Rf1 {[%clk 00:51:44]} {[%emt 00:00:47]} Rb4 {[%clk 00:39:34]}
{[%emt 00:01:34]} 43. g5 {[%clk 00:51:13]} {[%emt 00:01:04]} hxg5 {[%clk
00:35:21]} {[%emt 00:04:43]} 44. fxg5 {[%clk 00:51:27]} {[%emt 00:00:16]} f5
{[%clk 00:35:37]} {[%emt 00:00:14]} 45. Ra1 {[%clk 00:49:52]} {[%emt 00:02:05]}
Rb5 {[%clk 00:35:52]} {[%emt 00:00:15]} 46. Rh1 {[%clk 00:47:56]} {[%emt
00:02:26]} Rb8 {[%clk 00:36:03]} {[%emt 00:00:18]} 47. Rc1 {[%clk 00:40:43]}
{[%emt 00:07:44]} Rc8+ {[%clk 00:35:41]} {[%emt 00:00:52]} 48. Kd2 {[%clk
00:40:54]} {[%emt 00:00:18]} Rxc1 {[%clk 00:35:42]} {[%emt 00:00:25]} 49. Kxc1
{[%clk 00:41:21]} {[%emt 00:00:08]} f4 {[%clk 00:32:15]} {[%emt 00:03:56]} 50.
Kd2 {[%clk 00:41:39]} {[%emt 00:00:13]} e5 {[%clk 00:32:01]} {[%emt 00:00:44]}
51. dxe5 {[%clk 00:41:10]} {[%emt 00:00:59]} d4 {[%clk 00:32:20]} {[%emt
00:00:10]} 52. Ke2 {[%clk 00:41:27]} {[%emt 00:00:13]} 1-0

[Event "DEM U10 2025"]
[Site "Willingen GER"]
[Date "2025.06.09"]
[Round "3"]
[White "Schimming, Wilhelm"]
[Black "Gavrylchenko, Illia"]
[Result "0-1"]
[Termination "normal"]
[Board "25"]
[WhiteElo "1639"]
[BlackElo "1428"]
[WhiteClock "00:17:12"]
[BlackClock "00:49:10"]
[PlyCount "54"]
[WhiteFideId "34662030"]
[BlackFideId "34682007"]
[EventCountry "GER"]
[EventRounds "9"]
[EventType "swiss"]
[EventDate "2025.06.07"]

1. c4 {[%clk 01:30:57]} {[%emt 00:00:03]} Nf6 {[%clk 01:30:56]} {[%emt
00:00:04]} 2. Nc3 {[%clk 01:31:18]} {[%emt 00:00:09]} g6 {[%clk 01:31:21]}
{[%emt 00:00:06]} 3. g3 {[%clk 01:31:43]} {[%emt 00:00:05]} Bg7 {[%clk
01:31:45]} {[%emt 00:00:06]} 4. Bg2 {[%clk 01:32:08]} {[%emt 00:00:04]} d6
{[%clk 01:32:10]} {[%emt 00:00:05]} 5. d4 {[%clk 01:32:33]} {[%emt 00:00:06]}
O-O {[%clk 01:32:25]} {[%emt 00:00:15]} 6. Nf3 {[%clk 01:32:59]} {[%emt
00:00:04]} Nh5 {[%clk 01:30:59]} {[%emt 00:01:55]} 7. O-O {[%clk 01:22:58]}
{[%emt 00:10:31]} f5 {[%clk 01:29:17]} {[%emt 00:02:12]} 8. h3 {[%clk
01:13:53]} {[%emt 00:09:36]} Nd7 {[%clk 01:25:54]} {[%emt 00:03:53]} 9. e4
{[%clk 00:59:22]} {[%emt 00:15:02]} fxe4 {[%clk 01:19:01]} {[%emt 00:07:22]}
10. Nxe4 {[%clk 00:51:18]} {[%emt 00:08:34]} Nhf6 {[%clk 01:16:21]} {[%emt
00:03:10]} 11. Qc2 {[%clk 00:41:31]} {[%emt 00:10:16]} Nxe4 {[%clk 01:14:13]}
{[%emt 00:02:39]} 12. Qxe4 {[%clk 00:40:10]} {[%emt 00:01:52]} Nf6 {[%clk
01:13:38]} {[%emt 00:01:05]} 13. Qe2 {[%clk 00:38:16]} {[%emt 00:02:24]} c6
{[%clk 01:06:52]} {[%emt 00:07:16]} 14. Re1 {[%clk 00:30:43]} {[%emt 00:08:03]}
Re8 {[%clk 01:03:11]} {[%emt 00:04:10]} 15. Bf4 {[%clk 00:29:12]} {[%emt
00:02:01]} Bf5 {[%clk 00:59:44]} {[%emt 00:03:56]} 16. Nh4 {[%clk 00:28:30]}
{[%emt 00:01:12]} Qd7 {[%clk 00:56:06]} {[%emt 00:04:09]} 17. Nxf5 {[%clk
00:28:23]} {[%emt 00:00:37]} Qxf5 {[%clk 00:56:23]} {[%emt 00:00:13]} 18. Qe6+
{[%clk 00:28:30]} {[%emt 00:00:24]} Qxe6 {[%clk 00:56:30]} {[%emt 00:00:23]}
19. Rxe6 {[%clk 00:28:46]} {[%emt 00:00:14]} Kf7 {[%clk 00:53:37]} {[%emt
00:03:23]} 20. Rae1 {[%clk 00:26:11]} {[%emt 00:02:56]} d5 {[%clk 00:51:30]}
{[%emt 00:02:45]} 21. cxd5 {[%clk 00:23:15]} {[%emt 00:03:26]} cxd5 {[%clk
00:50:58]} {[%emt 00:01:02]} 22. Be5 {[%clk 00:23:19]} {[%emt 00:00:28]} Kxe6
{[%clk 00:50:31]} {[%emt 00:00:56]} 23. Bxf6+ {[%clk 00:18:07]} {[%emt
00:05:42]} Kxf6 {[%clk 00:49:55]} {[%emt 00:01:06]} 24. Bxd5 {[%clk 00:18:10]}
{[%emt 00:00:28]} Rad8 {[%clk 00:48:34]} {[%emt 00:01:46]} 25. Re6+ {[%clk
00:17:57]} {[%emt 00:00:47]} Kf7 {[%clk 00:48:52]} {[%emt 00:00:11]} 26. Re4+
{[%clk 00:16:58]} {[%emt 00:01:29]} Rxd5 {[%clk 00:49:05]} {[%emt 00:00:18]}
27. Rf4+ {[%clk 00:17:12]} {[%emt 00:00:16]} Rf5 {[%clk 00:49:10]} {[%emt
00:00:23]} 0-1

[Event "DEM U10 2025"]
[Site "Willingen GER"]
[Date "2025.06.09"]
[Round "3"]
[White "Brucker, Oscar"]
[Black "Taube, Moritz"]
[Result "0-1"]
[Termination "normal"]
[Board "26"]
[WhiteElo "1795"]
[BlackElo "1246"]
[WhiteClock "00:54:55"]
[BlackClock "00:59:08"]
[PlyCount "50"]
[WhiteFideId "533026432"]
[BlackFideId "34696830"]
[EventCountry "GER"]
[EventRounds "9"]
[EventType "swiss"]
[EventDate "2025.06.07"]

1. d4 {[%clk 01:30:16]} {[%emt 00:00:44]} d5 {[%clk 01:30:49]} {[%emt
00:00:10]} 2. Bf4 {[%clk 01:30:34]} {[%emt 00:00:12]} Nc6 {[%clk 01:31:06]}
{[%emt 00:00:13]} 3. e3 {[%clk 01:30:43]} {[%emt 00:00:21]} Nf6 {[%clk
01:31:25]} {[%emt 00:00:11]} 4. Nc3 {[%clk 01:30:41]} {[%emt 00:00:33]} a6
{[%clk 01:31:40]} {[%emt 00:00:14]} 5. Bd3 {[%clk 01:30:51]} {[%emt 00:00:19]}
g6 {[%clk 01:31:18]} {[%emt 00:00:52]} 6. Nf3 {[%clk 01:30:33]} {[%emt
00:00:48]} Bg7 {[%clk 01:30:00]} {[%emt 00:01:48]} 7. h3 {[%clk 01:30:29]}
{[%emt 00:00:35]} Bd7 {[%clk 01:29:24]} {[%emt 00:01:06]} 8. O-O {[%clk
01:30:05]} {[%emt 00:00:54]} Nb4 {[%emt 00:05:18]} 9. Be5 {[%clk 01:26:48]} Rg8
{[%clk 01:22:13]} {[%emt 00:06:39]} 10. Re1 {[%clk 01:21:21]} {[%emt 00:05:57]}
Qc8 {[%clk 01:19:42]} {[%emt 00:03:01]} 11. Bf1 {[%clk 01:13:27]} {[%emt
00:08:25]} Bf5 {[%clk 01:19:16]} {[%emt 00:00:55]} 12. Rc1 {[%clk 01:07:03]}
{[%emt 00:06:55]} Ne4 {[%clk 01:15:59]} {[%emt 00:03:47]} 13. a3 {[%clk
01:02:56]} {[%emt 00:04:38]} Nxc3 {[%clk 01:14:28]} {[%emt 00:02:00]} 14. bxc3
{[%clk 01:03:01]} {[%emt 00:00:26]} Na2 {[%clk 01:14:11]} {[%emt 00:00:46]} 15.
Ra1 {[%clk 01:01:02]} {[%emt 00:02:29]} Nxc3 {[%clk 01:13:49]} {[%emt
00:00:52]} 16. Qd2 {[%clk 01:01:01]} {[%emt 00:00:31]} Ne4 {[%clk 01:13:39]}
{[%emt 00:00:37]} 17. Qa5 {[%clk 01:00:28]} {[%emt 00:01:06]} Bxe5 {[%clk
01:10:48]} {[%emt 00:03:20]} 18. dxe5 {[%emt 00:01:12]} c6 {[%clk 01:07:52]}
{[%emt 00:03:24]} 19. Rac1 {[%clk 00:58:02]} {[%emt 00:02:17]} h6 {[%clk
01:07:49]} {[%emt 00:00:33]} 20. c4 {[%emt 00:01:30]} g5 {[%clk 01:05:45]}
{[%emt 00:02:31]} 21. cxd5 {[%clk 00:57:18]} {[%emt 00:00:16]} g4 {[%clk
01:04:55]} {[%emt 00:01:18]} 22. hxg4 {[%clk 00:56:55]} {[%emt 00:00:56]} Bxg4
{[%emt 00:04:25]} 23. Kh1 {[%clk 00:55:36]} {[%emt 00:00:19]} Bxf3 {[%clk
00:59:40]} {[%emt 00:03:18]} 24. gxf3 {[%clk 00:55:49]} {[%emt 00:00:18]} Qf5
{[%clk 00:59:09]} {[%emt 00:01:01]} 25. f4 {[%clk 00:54:55]} {[%emt 00:01:24]}
Qh5+ {[%clk 00:59:08]} {[%emt 00:00:29]} 0-1